000 00941nam a22002897a 4500
003 DO-SdBPM
005 20250820135820.0
007 ta
008 151117b1987 sp |||| 00| 0 spa d
020 _a8477720088
040 _aDO-SdBPM
_bspa
_cBPMSU
_erda
082 4 _a808.83
_bC172c 1987
_222
100 1 _aCamarena Lauciries, Julio.
_d1949-2004
_eautor
245 1 0 _aCuentos de los siete vientos :
_b(Cuentos maravillosos de la tradición oral pan-hispánica )/
_cJulio Camarena.
260 _a
_b
_c
264 _aMadrid :
_bAlborada Ediciones,
_c1987.
300 _3 198 páginas ;t
_619 cm.
336 _atexto
_btxt
_2rdacontent
337 _asin mediación
_bn
_2rdamedia
338 _avolumen
_bnc
_2rdacarrier
490 0 _aLa locomotora.
_v4
505 0 _aCuentos.
_gv. 1
590 _aInventariado, 2025/VM
650 7 _aCuentos juveniles
_vColecciones
910 _aVMateo V. Control de calidad. BPMSU
942 _2ddc
_cBK
999 _c8755
_d8755